Váh pod Ružomberkom

Bibliographic Details
Main Author: Zontág, Miroslav (Author)
Format: Article
Language:Slovak
ISSN:0231-8768
Subjects:

MARC

LEADER 00000nab a2200000 a 4500
001 vtls009494946
003 SK-MaSNL
005 20260304160204.0
008 250507c2009 xo |||||||||||000 b|slo
015 |a SNBRB2009/04  |2 snkbucl 
035 |a (uuid)8a699d84-b4a7-4379-88d1-1c808431c9db 
035 |a urn:nbn:sk:snk-abeu2i 
035 |a (urnnbn)urn:nbn:sk:snk:ar-00720y 
038 |a SNKBUCL 
040 |a SNKBUCL  |b slo  |c SNKBUCL  |e AACR2 
041 0 |a slo 
044 |a xo  |c SK 
080 |a 639.2.052  |x (437.6)  |2 1997 
080 |a 504.453  |x (437.6)  |2 1997 
100 1 |a Zontág, Miroslav  |4 aut  |9 794476 
245 1 0 |a Váh pod Ružomberkom  |c Miroslav Zontág 
650 0 7 |a ryby  |2 snkbucl  |9 2750 
650 0 7 |a kvalita vody  |2 snkbucl  |9 26942 
651 7 |a Váh (Slovensko : rieka)  |2 snkbucl  |9 59387 
651 7 |a Ružomberok (Slovensko)  |2 snkbucl  |9 24370 
773 0 |t Poľovníctvo a rybárstvo  |g Roč. 61, č. 4 (2009), s. 87  |x 0231-8768 
850 |a Slovenská národná knižnica 
852 |a Slovenská národná knižnica 
958 |a article27 
958 |a OND 
958 |a SK 
999 |c 2965913  |d 2967843